| 000 | 00661nam a22001937a 4500 | ||
|---|---|---|---|
| 005 | 20260415113713.0 | ||
| 008 | 260415b |||||||| |||| 00| 0 eng d | ||
| 020 | _a9781032456232 | ||
| 050 | _aHN 49 .C6 C66 2025 | ||
| 100 | _aEDITED BY ELENE, CLOETE | ||
| 245 | _aCOMMUNITY - LED DEVELOPMENT IN PRACTICE WE POWER OUR OWN CHANGE /EDITED BY ELENE, CLOETE AND GUNJAN VEDA | ||
| 250 | _a1ST | ||
| 260 |
_aABINGDON, OXON; NEW YORK, NY : _bROUTLEDGE _c2025 |
||
| 300 | _aXVIII,322P. ILL | ||
| 500 | _aINCLUDES INDEX AND BIBLIOGRAPHICAL REFERENCES | ||
| 650 | _aCOMMUNITY DEVELOPMENT - CASE STUDIES | ||
| 700 | _aEDITED BY GUNJA , VEDA | ||
| 942 |
_2lcc _cBK |
||
| 999 |
_c216967 _d216967 |
||